The Master of Ballantrae : (Record no. 82643)
[ view plain ]
| 000 -LEADER | |
|---|---|
| fixed length control field | 00904nam a2200277 a 4500 |
| 001 - CONTROL NUMBER | |
| control field | 19870 |
| 003 - CONTROL NUMBER IDENTIFIER | |
| rucl marc code | BD-RjUL |
| 005 - DATE AND TIME OF LATEST TRANSACTION | |
| control field | 20240116141148.0 |
| 008 - FIXED-LENGTH DATA ELEMENTS--GENERAL INFORMATION | |
| fixed length control field | 140226r18891950enk b 000 1 eng |
| 035 ## - SYSTEM CONTROL NUMBER | |
| System control number | (BD-RjUL)19931 |
| 040 ## - CATALOGING SOURCE | |
| Original cataloging agency | DLC |
| Transcribing agency | DLC |
| Modifying agency | DLC |
| -- | BD-RjUL |
| Language of cataloging | eng |
| 041 ## - LANGUAGE CODE | |
| Language code of text/sound track or separate title | eng |
| 082 00 - DEWEY DECIMAL CLASSIFICATION NUMBER | |
| Classification number | 823.8 |
| Edition number | 21 |
| Author mark and year | STM 1950 |
| 100 1# - MAIN ENTRY--PERSONAL NAME | |
| Personal name | Stevenson, Robert Louis, |
| Dates associated with a name | 1850-1894. |
| 9 (RLIN) | 56475 |
| 245 14 - TITLE STATEMENT | |
| Title | The Master of Ballantrae : |
| Remainder of title | a winter's tale / |
| Statement of responsibility, etc. | Robert Louis Stevenson |
| 260 ## - PUBLICATION, DISTRIBUTION, ETC. (IMPRINT) | |
| Place of publication, distribution, etc. | London ; |
| -- | New York : |
| Name of publisher, distributor, etc. | Cassell and Co. ,, |
| Date of publication, distribution, etc. | 1880. |
| 300 ## - PHYSICAL DESCRIPTION | |
| Pagination | 374 p. ; |
| Size | 16 cm. |
| 650 #0 - SUBJECT ADDED ENTRY--TOPICAL TERM | |
| Topical term or geographic name as entry element | Absence and presumption of death |
| Form subdivision | Fiction. |
| 9 (RLIN) | 61018 |
| Topical term or geographic name as entry element | Inheritance and succession |
| Form subdivision | Fiction. |
| 9 (RLIN) | 42368 |
| Topical term or geographic name as entry element | Brothers |
| Form subdivision | Fiction. |
| 9 (RLIN) | 58463 |
| Topical term or geographic name as entry element | Revenge |
| Form subdivision | Fiction. |
| 9 (RLIN) | 61019 |
| 651 #0 - SUBJECT ADDED ENTRY--GEOGRAPHIC NAME | |
| Geographic name | Scotland |
| General subdivision | History |
| Chronological subdivision | 18th century |
| Form subdivision | Fiction. |
| 9 (RLIN) | 61020 |
| 942 ## - ADDED ENTRY ELEMENTS (KOHA) | |
| Source of classification or shelving scheme | Dewey Decimal Classification |
| Koha item type | Books |
| Lost status | Source of classification or shelving scheme | Damaged status | Not for loan | Collection code | Permanent Location | Current Location | Shelving location | Date acquired | Full call number | Date last seen | Copy number | Koha item type |
|---|---|---|---|---|---|---|---|---|---|---|---|---|
| Dewey Decimal Classification | Not For Loan | Fiction | Central Library, University of Rajshahi | Central Library, University of Rajshahi | Reading Room | 16/01/2024 | 823.8 STE 1906 | 16/01/2024 | C-1 | Books | ||
| Dewey Decimal Classification | Fiction | Central Library, University of Rajshahi | Central Library, University of Rajshahi | General Stacks | 16/01/2024 | 823.8 STE 1906 | 16/01/2024 | C-2 | Books |